000 00238nam a2200097Ia 4500
008 240331s9999 xx 000 0 und d
082 _bTUN
100 _aTung, M.T
245 0 _aHunan vivasayi lyakkap pariseelanai pattiya arikkai
942 _cL
999 _c2358
_d2358